Statistics for Biggest World Cities (A-Z by Last Letter) Beginning with L

Click here to take the quiz!

General Stats

  • This quiz has been taken 93 times
  • The average score is 9 of 26

Answer Stats

CountryStartsPlaceEndsPopulation% Correct
NigeriaLLagosS9.0m
96%
PeruLLimaA7.7m
96%
UK (England)LLiverpoolL864k
90%
BoliviaLLa PazZ813k
88%
UK (England)LLondonN7.5m
88%
PakistanLLahoreE6.3m
79%
UkraineLLvivV718k
78%
IndiaLLucknowW2.5m
59%
UK (England)LLeicesterR508k
53%
D.R.CongoLLubumbashiI1.3m
49%
USA (CA)LLong BeachH474k
38%
ChinaLLanzhouU2.6m
32%
ChinaLLuoyangG1.4m
19%
SpainLL'Hosptalet de {Llobregat}T257k
12%
CzechiaLLiberecC98k
9%
FranceLLisieuxX30k
8%
SlovakiaLLabB<1k
6%
RussiaLLipetskK516k
5%
NetherlandsLLeiderdorpP27k
4%
CameroonLLoumM177k
4%
PhilippinesLLibertadD250k
3%
YemenLLahijJ26k
1%
PhilippinesLLapu Lapu CityY408k
0%
TunisiaLLe KefF54k
0%
KosovoLLeposaviqQ14k
0%
ChinaLLuqiaoO428k
0%

Score Distribution

Percentile by Number Answered

Percent of People with Each Score

Your Score History

You have not taken this quiz